000 00803nam a2200205 a 4500
001 000041408
005 20201002034849.0
008 131002s1973 sp 001 0 spa d
020 _a8400038937
040 _aDO-SdBNP
_bspa
_cBNPHU
100 1 _aRodríguez Adrados, Francisco
_918641
245 1 0 _aEstudios sobre las sonantes y laringales indoeuropeas /
_cpor Francisco R. Adrados.
250 _a2a. ed., rev. y aumentada
260 _aMadrid :
_bConsejo Superior de Investigaciones Científicas,
_c1973.
300 _a502 p. ;
_c26 cm.
490 1 _aManuales y anejos de Emerita
_v19
504 _aIncluye referencias bibliográficas y notas al pie de las páginas
710 2 _aConsejo Superior de Investigaciones Científicas (España)
_915178
830 0 _aManuales y anejos de Emerita
_n19
_968065
999 _c40898
_d40898